Análisis del recurso agua en el estudio integral de cuencas : resumen /

Guardado en:
Autor Principal: Luque, Jorge Alfredo.
Formato: Manuscrito
Idioma:Spanish
Publicado: [2007].
Series:Hidrología
Materias:
Etiquetas: Agregar Etiqueta
Sin Etiquetas, Sea el primero en etiquetar este registro!
LEADER 00751ntm a22002055a 4500
001 EUN.eunm002422
005 20090413144225.0
008 090413s2007####ag#a#####b####000#0#spa#d
082 0 4 |a 631.7  |2 21 
100 1 |a Luque, Jorge Alfredo. 
245 1 0 |a Análisis del recurso agua en el estudio integral de cuencas :  |b resumen /  |c Jorge Alfredo Luque. 
260 |c [2007]. 
300 |a 15 h. :  |b il. ;  |c 30 cm. 
490 1 |a Hidrología 
500 |a "Universidad Nacional del Sur. Area de Hidráulica y Recursos Hidráulicos, Bahía Blanca". 
504 |a Incluye referencias bibliográficas. 
650 7 |a Hidrología  |2 unbist 
650 7 |a Cuencas fluviales.  |2 unbist 
650 7 |a Ríos.  |2 unbist 
859 |a AR-BaUNS  |b BIB. CENTRAL - Sector A  |h 631.7  |i L974-19  |p 120557/009